Normal view
MARC view
- التعاون بين القطاعين العام والخاص -التنمية الاقتصادية - الدول العربية
Entry Topical Term
001 - CONTROL NUMBER
- control field: 33917
003 - CONTROL NUMBER IDENTIFIER
- control field: JO-AjAnu
005 - DATE AND TIME OF LATEST TRANSACTION
- control field: 20230606075703.0
008 - FIXED-LENGTH DATA ELEMENTS
- fixed length control field: 230606|| aca||aabn | a|a d
040 ## - CATALOGING SOURCE
- Original cataloging agency: JO-AjAnu
- Transcribing agency: JO-AjAnu
150 ## - HEADING--TOPICAL TERM
- Topical term or geographic name entry element: التعاون بين القطاعين العام والخاص -التنمية الاقتصادية - الدول العربية
670 ## - SOURCE DATA FOUND
- Source citation: Work cat.: (JO-AjAnu)17420: المنظمة العربية للتنمية الادارية, author 33916, الشراكة والتنمية : دور الشراكة بين القطاعين العام والخاص في تحقيق التنمية المستدامة : بحوث وأوراق عمل مؤتمر "الشراكة بين القطاعين العام والخاص"